00672nam a2200145Ia 4500008004100000020002200041100002100063245007500084260003800159300002700197650002500224999001900249952013400268952012400402200909s9999 xx 000 0 und d a978-621-04-0100-4 aLauron, Doris P. cDoris P. LauronaHuman resource management:bprinciples and practices/ aQuezon City:bREX Bookstorec2019 axiv, 135 pagesc25 cm. aPersonnel management c364158d364158 001040aCLbCLcFILd2020-09-09eLibrary fundl1m1oHF 5549 .L387 2019pC22337r2022-11-25 00:00:00s2022-09-01w2020-09-09yBK 00102lcc40aCLbCLcFILd2024-05-27eLibrary Fundl0oHF 5549 .L387 2019pC23336r2024-05-27 00:00:00w2024-05-27yBK